Science Words: Weather Quiz Stats

 Plays Quiz not verified by Sporcle

Score 0/10 Timer 04:00
0 Plays Today
Definition Word % Correct
The SI derived unit of pressurePascal
72.2%
A nearly colorless gas, formula O3Ozone
66.7%
Liquid or solid suspended in airAerosol
61.1%
Characteristics of a region's terrain elevationOrography
38.9%
Force that deflects moving particles to the right in the Northern HemisphereCoriolis
38.9%
Solar radiation received at the earth's surfaceInsolation
33.3%
The latitudinal (east or west) component Zonal
33.3%
Boundary between the troposphere and stratosphereTropopause
33.3%
Scattering of sunlight by air molecules approximates this law, creating a blue skyRayleigh
33.3%
Scale of atmospheric motion with a typical range of hundreds of miles or kilometersSynoptic
22.2%

You're not logged in!

Compare scores with friends on all Sporcle quizzes.
Join for Free
OR
Log In

You Might Also Like...

Show Comments

Extras

Top Quizzes Today


Score Distribution

Your Account Isn't Verified!

In order to create a playlist on Sporcle, you need to verify the email address you used during registration. Go to your Sporcle Settings to finish the process.

Report this User

Report this user for behavior that violates our Community Guidelines.

Details: